000 00549nam a2200229Ia 4500
003 OSt
005 20220918200311.0
006 a|||||r|||| 00| 0
007 ta
008 220917b |||||||| |||| 00| 0 eng d
024 _a88,230
037 _cTextual
040 _aARTS
_cARTS
_beng
041 _2eng
_aeng
082 _aU:6:N5, K03
100 _aWinterbottom J M
_993491
245 0 _aRound Africa
260 _c1963
650 _aGEOGRAPHY
942 _hU:6:N5, K03
_cTEXL
_2CC
999 _c211920
_d211920